<?xml version="1.0" encoding="UTF-8"?>
<record
    xmlns:xsi="http://www.w3.org/2001/XMLSchema-instance"
    xsi:schemaLocation="http://www.loc.gov/MARC21/slim http://www.loc.gov/standards/marcxml/schema/MARC21slim.xsd"
    xmlns="http://www.loc.gov/MARC21/slim">

  <leader>00859nam a2200181 i 4500</leader>
  <controlfield tag="001">164345</controlfield>
  <controlfield tag="003">ES-MaACL</controlfield>
  <controlfield tag="005">20230906212923.0</controlfield>
  <controlfield tag="008">000522s1894    fr af        |||| | fre d</controlfield>
  <datafield tag="100" ind1="1" ind2=" ">
    <subfield code="a">Saint-Saud, Aymard de (</subfield>
    <subfield code="d">1853-1932)</subfield>
    <subfield code="9">149331</subfield>
  </datafield>
  <datafield tag="245" ind1="1" ind2="0">
    <subfield code="a">Pics d'Europe (Pyr&#xE8;n&#xE8;es Cantabriques) </subfield>
    <subfield code="b">: conf&#xE9;rence publique donn&#xE9;e dans l'Amphith&#xE9;atre de l&#xB4;Athen&#xE9;e le 21 f&#xE9;vrie 1894 / </subfield>
    <subfield code="c">par le Comte de Saint Saud.</subfield>
  </datafield>
  <datafield tag="260" ind1=" " ind2=" ">
    <subfield code="a">Bordeaux : </subfield>
    <subfield code="b">Imp. Ve. Cadoret, </subfield>
    <subfield code="c">1894.</subfield>
  </datafield>
  <datafield tag="300" ind1=" " ind2=" ">
    <subfield code="a">35 p., [5] h. de l&#xE1;m. : </subfield>
    <subfield code="b">il. ; </subfield>
    <subfield code="c">23 cm.</subfield>
  </datafield>
  <datafield tag="500" ind1=" " ind2=" ">
    <subfield code="a">Extrait du Bulletin n. 35, du Club Alpin Fran&#xE7; (Section du Sud-Ouest)</subfield>
  </datafield>
  <datafield tag="594" ind1=" " ind2=" ">
    <subfield code="a">Precede al tit.: Excursions dans les sierras d'Espagne.</subfield>
  </datafield>
  <datafield tag="651" ind1=" " ind2="4">
    <subfield code="a">Picos de Europa (Espa&#xF1;a)-</subfield>
    <subfield code="x">Descripci&#xF3;n.</subfield>
    <subfield code="9">143550</subfield>
  </datafield>
  <datafield tag="852" ind1=" " ind2=" ">
    <subfield code="a">ES-MaACL</subfield>
    <subfield code="j">T-846-F-4 </subfield>
    <subfield code="z">- Enc. hol., conservando cub. original </subfield>
    <subfield code="z">- Enc. en un vol. facticio</subfield>
  </datafield>
  <datafield tag="999" ind1=" " ind2=" ">
    <subfield code="c">164345</subfield>
    <subfield code="d">164345</subfield>
  </datafield>
  <datafield tag="952" ind1=" " ind2=" ">
    <subfield code="0">0</subfield>
    <subfield code="1">0</subfield>
    <subfield code="4">0</subfield>
    <subfield code="7">0</subfield>
    <subfield code="8">Colecci&#xF3;n_de_folletos</subfield>
    <subfield code="a">ATENEOM</subfield>
    <subfield code="b">ATENEOM</subfield>
    <subfield code="c">DEPOF</subfield>
    <subfield code="d">2008-01-17</subfield>
    <subfield code="l">0</subfield>
    <subfield code="o">T-846-F-4</subfield>
    <subfield code="p">1172260</subfield>
    <subfield code="r">2023-02-23 00:00:00</subfield>
    <subfield code="w">2023-02-23</subfield>
    <subfield code="y">FOLLETOS</subfield>
  </datafield>
</record>
